Aportaciones a la biografía del precursor de la independencia Sur Americana D. Francisco de Miranda (Record no. 20308)

MARC details
000 -LEADER
campo de control de longitud fija 00731nam a2200205 i 4500
001 - NÚMERO DE CONTROL
campo de control 20308
003 - IDENTIFICADOR DE NÚMERO DE CONTROL
campo de control ES-MaACL
005 - FECHA Y HORA DE LA ÚLTIMA TRANSACCIÓN
campo de control 20251003192802.0
007 - CAMPO FIJO DE DESCRIPCIÓN FÍSICA--INFORMACIÓN GENERAL
campo de control de longitud fija t|
008 - DATOS DE LONGITUD FIJA--INFORMACIÓN GENERAL
campo de control de longitud fija 021111s1919 sp |||| |bspa d
080 ## - NÚMERO DE LA CLASIFICACIÓN DECIMAL UNIVERSAL
Número de la Clasificación Decimal Universal 929 Miranda, Francisco de
100 1# - ENTRADA PRINCIPAL--NOMBRE DE PERSONA
Nombre de persona Aguilar, Juan María.
9 (RLIN) 18699
245 10 - MENCIÓN DEL TÍTULO
Título Aportaciones a la biografía del precursor de la independencia Sur Americana D. Francisco de Miranda
Resto del título : (trabajo de investigación histórica) /
Mención de responsabilidad, etc. Juan María Aguilar.
260 ## - PUBLICACIÓN, DISTRIBUCIÓN, ETC.
Lugar de publicación, distribución, etc. Sevilla :
Nombre del editor, distribuidor, etc. [s.n.],
Fecha de publicación, distribución, etc. 1919 (
Fabricante Tip. Zarzuela)
300 ## - DESCRIPCIÓN FÍSICA
Extensión 56 p. ;
Dimensiones 28 cm.
502 ## - NOTA DE TESIS
Nota de tesis Tesis doctoral.
600 17 - PUNTO DE ACCESO ADICIONAL DE MATERIA--NOMBRE DE PERSONA
Nombre de persona Miranda, Francisco de,
Fechas asociadas al nombre 1750-1816-
Subdivisión de forma Biografías
Fuente del encabezamiento o término
9 (RLIN) 129975
852 ## - LOCALIZACIÓN
Ubicación ES-MaACL
Número de control de estantería 1718-F-2
Holdings
Estatus retirado Estado de pérdida Estado de daño No para préstamo Colección Biblioteca de origen Biblioteca actual Ubicación en estantería Fecha de adquisición Fuente de adquisición Total de préstamos Signatura topográfica completa Código de barras Visto por última vez Precio de reemplazo Tipo de ítem Koha
        Colección de folletos Biblioteca del Ateneo de Madrid Biblioteca del Ateneo de Madrid Depósito folletos 17/01/2008     1718-F-2 1020823 23/02/2023 23/02/2023 Folleto